000 00601nam a2200229 a 4500
001 23278
003 CO-ViMGA
008 141112s2004 ck r 000 u spa d
020 _a9789580221784
040 _aCO-ViMGA
_bspa
_cCO-ViMGA
082 0 4 _a741.5 R154t
100 1 _aRamos Parra, Daniel
_933532
245 1 0 _aDIBUJO HUMORISTICO
260 _aColombia :
_bARTELANDIA
300 _a112P.
650 1 4 _aANATOMIA ARTISTICA
_933533
650 1 4 _aARTE
650 1 4 _aDIBUJO GEOMETRICO
_93718
650 1 4 _aEXPRESION ARTISTICA
_933534
650 1 4 _aHUMORISMO GRAFICO
_919546
942 _2ddc
_cBK
999 _c31508
_d31508